Land vs. Land #6 - Statistiken

Allgemein
  • Dieses Quiz wurde 58 mal gespielt
  • Das Durchschnittsergebnis liegt bei 10 aus 14
Antwortstatistiken
Frage Antwort % Korrekt
...Fläche? Kap Verde🇨🇻
98%
...Lebenserwartung? Vatikanstadt🇻🇦
94%
...Einwohner? Kap Verde🇨🇻
92%
...Exportmengen? Kap Verde🇨🇻
92%
...Gesundheitswesen? Vatikanstadt🇻🇦
90%
...durchschnittlicher IQ? Vatikanstadt🇻🇦
90%
...Tourismus? Vatikanstadt🇻🇦
88%
...Bruttoinlandsprodukt pro Kopf? Vatikanstadt🇻🇦
73%
...Militär? Kap Verde🇨🇻
71%
...Bruttoinlandsprodukt? Kap Verde🇨🇻
65%
...Happy Planet Index? Kap Verde🇨🇻
52%
...Gewinner? Kap Verde🇨🇻
31%
...HDI (Human Development Index)? Kap Verde🇨🇻
25%
...Frieden? Kap Verde🇨🇻
12%
Keine übereinstimmenden Quizze gefunden
Verteilung der Resultate
Anzahl Personen mit jedem Resultat
Perzentil nach korrekt beantworteten Fragen
Ihre Resultats-Entwicklung
Sie haben dieses Quiz noch nicht gespielt